00744nam a2200193 a 450000100100000000500170001000800410002704000250006808200220009310000270011524500550014225000110019726000500020830000200025804900090027895201200028795201260040799900170053300002827820200930031512.0110407s1996 dr 000 0 spa d aDO-SdBNPbspacBNPHU axxxxbC366c, 19961 aCastor, Luesmil95527913a"La comunicación corporativa" /cLuesmil Castor. a2a ed. aSanto Domingo :bGrupo Comunicación,c1996. a15 p. ;c21 cm. aBNPD 0010718PDaPDbPDcCTd2011-04-07iLF1l0oxxxx C366c, 1996p28278-10r2020-06-25w2020-06-25yLFPDZNo se presta 0010718PDaPDbPDcCTd2011-04-27iLF1l0oxxxx C366c, 1996p28278-20r2020-06-25te. 2w2020-06-25yLFPDZNo se presta c27770d27770